[Event "Team men HL chess 2018"]
[Site "Sochi"]
[Date "2018.05.07"]
[Round "6.3"]
[White "Obolentseva, Alexandra"]
[Black "Belyakov, Bogdan"]
[Result "0-1"]
[WhiteElo "2316"]
[BlackElo "2479"]
[PlyCount "82"]
[EventDate "2018.05.01"]

1. d4 d5 2. c4 dxc4 3. Nf3 a6 4. a4 Nf6 5. Nc3 Nc6 6. e4 Bg4 7. e5 Nd5 8. Bxc4
e6 9. Be3 Bb4 10. Bxd5 Qxd5 11. O-O Bxc3 12. bxc3 Na5 13. h3 Bxf3 14. Qxf3 Qxf3
15. gxf3 Kd7 16. Rfb1 Kc6 17. Bg5 b5 18. Be7 Nc4 19. Ra2 Rhb8 20. a5 Kd5 21.
Rd1 Re8 22. Bb4 f6 23. Rd3 fxe5 24. dxe5+ Kc6 25. f4 Rad8 26. Rg3 Rd7 27. Re2
g6 28. h4 Rf7 29. Re4 Rd8 30. Kg2 Rd1 31. Rg5 Kd5 32. Rd4+ Rxd4 33. cxd4 Kxd4
34. h5 c5 35. hxg6 hxg6 36. Be1 b4 37. Rxg6 b3 38. Rg3 Rb7 39. Bc3+ Kd5 40.
Rd3+ Ke4 41. Rd1 b2 0-1

[Event "Team men HL chess 2018"]
[Site "Sochi"]
[Date "2018.05.07"]
[Round "6.4"]
[White "Savitskiy, Sergey"]
[Black "Yeritsyan, Aram"]
[Result "1-0"]
[WhiteElo "2416"]
[BlackElo "2332"]
[PlyCount "101"]
[EventDate "2018.05.01"]

1. e4 e5 2. Nf3 Nc6 3. d4 exd4 4. Nxd4 Bb4+ 5. c3 Bc5 6. Be3 Bb6 7. Nf5 Bxe3 8.
Nxe3 d6 9. Bd3 Nge7 10. O-O O-O 11. Nd2 Kh8 12. Qh5 Be6 13. Rad1 Qe8 14. Nd5 g6
15. Qf3 Bxd5 16. exd5 Ne5 17. Qf6+ Kg8 18. Be4 Ng4 19. Qh4 f5 20. Bc2 Qf7 21.
Nf3 Qf6 22. Qxf6 Nxf6 23. c4 Rfd8 24. Rfe1 Rd7 25. Re6 Ne8 26. Rde1 Kf8 27. Nd4
c6 28. Ba4 Ng7 29. Rf6+ Kg8 30. dxc6 bxc6 31. Nxc6 Nc8 32. Ne5 Re7 33. Bc6 Nh5
34. Rxd6 Nxd6 35. Bxa8 Nf6 36. b3 a5 37. Nd3 Ra7 38. Bc6 Rc7 39. Bf3 Nfe4 40.
Rc1 Kf7 41. h4 Ke6 42. g3 Kd7 43. Kg2 Kc6 44. c5 Nb7 45. Rc4 Kd5 46. Nf4+ Ke5
47. Bxe4 fxe4 48. c6 Nd8 49. Rc5+ Kd6 50. Rd5+ Ke7 51. Rxd8 1-0

[Event "Team men HL chess 2018"]
[Site "Sochi"]
[Date "2018.05.07"]
[Round "6.1"]
[White "Panarin, Mikhail"]
[Black "Sychev, Klementy"]
[Result "1-0"]
[WhiteElo "2551"]
[BlackElo "2550"]
[PlyCount "123"]
[EventDate "2018.05.01"]

1. e4 e5 2. Nf3 Nc6 3. Bb5 Nf6 4. d3 Bc5 5. Nbd2 d6 6. c3 O-O 7. O-O Ne7 8. d4
exd4 9. cxd4 Bb6 10. Re1 Bg4 11. h3 Bh5 12. Qa4 a6 13. Bf1 c5 14. e5 dxe5 15.
dxe5 Nfd5 16. Qh4 Bg6 17. Nc4 Bc7 18. Bg5 h6 19. Bxe7 Qxe7 20. Rad1 Qe6 21. Nd6
b5 22. a4 Bc2 23. Rc1 Bxa4 24. Nb7 Bb6 25. Nxc5 Bxc5 26. Rxc5 Rfd8 27. b3 Qb6
28. Rxd5 Rxd5 29. bxa4 Rad8 30. axb5 axb5 31. Be2 Qa5 32. Rb1 Qa4 33. Rb4 Qa5
34. Rxb5 Rxb5 35. Bxb5 Rd1+ 36. Bf1 Qd5 37. Qa4 Qd3 38. Nh2 Kh7 39. Qa2 Kg8 40.
e6 fxe6 41. Qxe6+ Kh7 42. g3 Qb1 43. h4 Qb5 44. Qe4+ Kh8 45. Kg2 Qd5 46. Qxd5
Rxd5 47. Bc4 Rd4 48. Bf7 Rd7 49. Bg6 Kg8 50. Ng4 Kf8 51. f4 Ke7 52. f5 Rd2+ 53.
Kh3 Kf8 54. h5 Kg8 55. f6 Kh8 56. Ne3 gxf6 57. Nf5 Rb2 58. Nxh6 Rb4 59. Nf5 Ra4
60. h6 Ra1 61. Nd6 Kg8 62. Nf7 1-0

[Event "Team men HL chess 2018"]
[Site "Sochi"]
[Date "2018.05.07"]
[Round "6.2"]
[White "Demidov, Mikhail"]
[Black "Zakaryan, David"]
[Result "1-0"]
[WhiteElo "2511"]
[BlackElo "2398"]
[PlyCount "163"]
[EventDate "2018.05.01"]

1. c4 Nf6 2. Nc3 c5 3. Nf3 g6 4. g3 Nc6 5. Bg2 d6 6. O-O Bg7 7. d4 cxd4 8. Nxd4
Bd7 9. Nb3 b6 10. Bf4 O-O 11. Rc1 Rc8 12. Nd2 Na5 13. b3 Bc6 14. Nf3 a6 15. Bh3
Bd7 16. Bxd7 Qxd7 17. Qd3 Qb7 18. Bg5 Nc6 19. Rfd1 h6 20. Bxf6 Bxf6 21. Nd5 Bg7
22. h4 e6 23. Nc3 Rfd8 24. Qb1 Ne7 25. Ne4 d5 26. Ned2 b5 27. cxd5 Nxd5 28. Ne4
b4 29. Rxc8 Qxc8 30. Qc1 Qxc1 31. Rxc1 f5 32. Nc5 Nc3 33. Rc2 Rd6 34. Kg2 e5
35. h5 g5 36. Nd2 e4 37. Nc4 Rc6 38. Nb7 f4 39. gxf4 gxf4 40. Kh3 Rc7 41. Nbd6
Rc5 42. Kg4 Rg5+ 43. Kxf4 Rxh5 44. e3 Rh1 45. Rd2 Rh4+ 46. Kf5 Bf8 47. Ne8 Rh5+
48. Ke6 Bg7 49. Rd8 Kh7 50. Rd7 Rg5 51. Ncd6 Kg8 52. Nxg7 Rxg7 53. Rd8+ Kh7 54.
Ne8 Rb7 55. Nd6 Rg7 56. Nf5 Rg2 57. Rd7+ Kh8 58. Rd2 Kh7 59. Kf6 Rg6+ 60. Ke5
h5 61. Rd7+ Kh8 62. Ra7 Nd1 63. Kxe4 Nxf2+ 64. Kf3 Nd3 65. Rc7 Rg4 66. Re7 Kg8
67. e4 Kf8 68. Rh7 Ne1+ 69. Ke3 Ng2+ 70. Kf2 Nf4 71. Kf3 Ng6 72. Rxh5 Ne5+ 73.
Ke3 Rg1 74. Kd4 Ng6 75. Ne3 Ne7 76. Nd5 Rd1+ 77. Kc5 Rd2 78. Re5 Nxd5 79. exd5
Rxa2 80. Kxb4 Rc2 81. Ka5 Rc3 82. Kb4 1-0

[Event "Team men HL chess 2018"]
[Site "Sochi"]
[Date "2018.05.07"]
[Round "6.3"]
[White "Oganian, Miran"]
[Black "Nikolenko, Oleg"]
[Result "1-0"]
[WhiteElo "2422"]
[BlackElo "2480"]
[PlyCount "97"]
[EventDate "2018.05.01"]

1. d4 Nf6 2. c4 g6 3. Nc3 d5 4. Bg5 Bg7 5. Bxf6 Bxf6 6. cxd5 c6 7. e4 cxd5 8.
Bb5+ Bd7 9. Bxd7+ Qxd7 10. exd5 Na6 11. Nf3 O-O 12. O-O Nc7 13. Qb3 Rfd8 14.
Ne5 Bxe5 15. dxe5 Nxd5 16. Rad1 e6 17. Nxd5 exd5 18. Rd4 Rac8 19. h4 b6 20.
Rfd1 Qf5 21. Rxd5 Rxd5 22. Qxd5 Rc5 23. Qa8+ Kg7 24. Qxa7 Rb5 25. b3 Qxe5 26.
Qd7 Rc5 27. Qd2 Qe4 28. Qb2+ Kh6 29. Qf6 Rf5 30. Qxb6 Qxh4 31. Qe3+ Kg7 32.
Qd4+ Qxd4 33. Rxd4 Rc5 34. g3 Rc2 35. a4 Ra2 36. Rd5 f5 37. a5 Kh6 38. b4 Kg5
39. Kg2 h5 40. Rd6 Ra4 41. Rb6 h4 42. gxh4+ Kxh4 43. a6 g5 44. b5 g4 45. Rh6+
Kg5 46. Rh1 f4 47. Rb1 Kh4 48. b6 f3+ 49. Kg1 1-0

[Event "Team men HL chess 2018"]
[Site "Sochi"]
[Date "2018.05.07"]
[Round "6.4"]
[White "Saulin, Dmitri"]
[Black "Gochelashvili, David"]
[Result "1-0"]
[WhiteElo "2376"]
[BlackElo "2421"]
[PlyCount "65"]
[EventDate "2018.05.01"]

1. d4 g6 2. e4 Bg7 3. Nf3 c5 4. dxc5 Qa5+ 5. c3 Qxc5 6. Na3 Nc6 7. Nb5 Qb6 8.
Bd3 Nf6 9. O-O O-O 10. a4 d6 11. h3 Nd7 12. Be3 Qd8 13. Bc2 b6 14. Qc1 Re8 15.
Bh6 Bh8 16. Bb3 Nde5 17. Bd5 Bb7 18. b4 Nd3 19. Qe3 Nde5 20. Nxe5 Bxe5 21. f4
Bf6 22. Rad1 Qb8 23. f5 Nd8 24. fxg6 hxg6 25. Nxd6 exd6 26. Rxf6 Bxd5 27. Rxd5
Ne6 28. Qg3 Qc7 29. Rxd6 Re7 30. h4 Rc8 31. h5 Qxc3 32. Qxc3 Rxc3 33. hxg6 1-0

[Event "Team men HL chess 2018"]
[Site "Sochi"]
[Date "2018.05.07"]
[Round "6.1"]
[White "Rozum, Ivan"]
[Black "Gusarov, Grigory"]
[Result "1-0"]
[WhiteElo "2581"]
[BlackElo "2367"]
[PlyCount "85"]
[EventDate "2018.05.01"]

1. Nf3 d5 2. g3 Nf6 3. Bg2 c6 4. c4 Bg4 5. Ne5 Bf5 6. cxd5 cxd5 7. Nc3 Nc6 8.
Nxc6 bxc6 9. d3 Qd7 10. O-O Bh3 11. e4 Bxg2 12. Kxg2 e6 13. b3 Bb4 14. Bb2 O-O
15. e5 Ne8 16. Na4 f6 17. Rc1 fxe5 18. Bxe5 Ba3 19. Rc2 Rc8 20. Qe2 Nd6 21. Re1
Nb7 22. Qg4 c5 23. Rce2 Rfe8 24. f4 c4 25. dxc4 dxc4 26. Ba1 Qd5+ 27. Kh3 Bf8
28. Nc3 Qd7 29. Ne4 Kh8 30. bxc4 Nd8 31. c5 Qf7 32. Nd6 Bxd6 33. cxd6 Rg8 34.
Re5 Rc2 35. Rh5 Rxa2 36. Rxh7+ Kxh7 37. Qh4+ Kg6 38. Re5 Qf5+ 39. Rxf5 exf5 40.
Qg5+ Kf7 41. Qxf5+ Ke8 42. d7+ Ke7 43. Qc5+ 1-0

[Event "Team men HL chess 2018"]
[Site "Sochi"]
[Date "2018.05.07"]
[Round "6.2"]
[White "Ozgibcev, Anatoly"]
[Black "Lintchevski, Daniil"]
[Result "0-1"]
[WhiteElo "2376"]
[BlackElo "2544"]
[PlyCount "126"]
[EventDate "2018.05.01"]

1. e4 c6 2. d4 d5 3. exd5 cxd5 4. c4 Nf6 5. Nc3 g6 6. cxd5 Nxd5 7. Nf3 Bg7 8.
Be2 O-O 9. O-O Nc6 10. Re1 Be6 11. Bg5 Qa5 12. Qd2 Rfd8 13. Bh6 Bh8 14. a3 Nxc3
15. bxc3 Bd5 16. Qe3 Re8 17. Bf4 Bg7 18. Ne5 Nxe5 19. Bxe5 Rac8 20. Bxg7 Kxg7
21. Rec1 Bc4 22. Bxc4 Rxc4 23. Rab1 Qd5 24. Rb4 e6 25. Rxc4 Qxc4 26. Qe5+ Kg8
27. Qa5 Ra8 28. Qb4 Qc6 29. c4 Rd8 30. Rd1 b6 31. h3 Qe4 32. Qc3 h5 33. d5 exd5
34. Qf6 Rd7 35. Qc6 Qe6 36. Qa8+ Kg7 37. Rxd5 Rc7 38. c5 Qe1+ 39. Kh2 Qxf2 40.
c6 Qf4+ 41. Kh1 Qc1+ 42. Kh2 Qxc6 43. Qd8 Rc8 44. Qd7 Qc7+ 45. Kh1 Qxd7 46.
Rxd7 a5 47. a4 Rc4 48. Rd6 Rxa4 49. Rxb6 h4 50. Kg1 Ra2 51. Ra6 g5 52. Rc6 f6
53. Rc5 Kf7 54. Kf1 Ke6 55. Rb5 a4 56. Ra5 a3 57. Kg1 Kd6 58. Kh2 Kc6 59. Kg1
Kb6 60. Ra8 Ra1+ 61. Kf2 Kb5 62. Rf8 Rc1 63. Rb8+ Ka4 0-1

[Event "Team men HL chess 2018"]
[Site "Sochi"]
[Date "2018.05.07"]
[Round "6.3"]
[White "Moiseenko, Vadim"]
[Black "Dilmukhametov, Artur"]
[Result "1/2-1/2"]
[WhiteElo "2522"]
[BlackElo "2348"]
[PlyCount "81"]
[EventDate "2018.05.01"]

1. e4 e6 2. d4 d5 3. Nc3 Bb4 4. exd5 exd5 5. Bd3 c6 6. Qf3 Qf6 7. Bf4 Bd6 8.
Bxd6 Qxd6 9. O-O-O Ne7 10. Re1 Nd7 11. Qe3 Nf8 12. f4 g6 13. Nf3 Ne6 14. g3 Bd7
15. h4 O-O-O 16. Ne5 Rhf8 17. h5 Nf5 18. Bxf5 gxf5 19. Qd3 f6 20. Nxd7 Qxd7 21.
h6 Rg8 22. Rh5 Rg6 23. Reh1 Rdg8 24. Ne2 Nd8 25. Rxf5 Nf7 26. Rfh5 Nd6 27. Rg1
Ne4 28. b3 f5 29. Rg2 Qe6 30. Rgh2 Rf6 31. Kb2 Rgg6 32. Qf3 Rxh6 33. Nc3 Rxh5
34. Rxh5 Rh6 35. Rxh6 Qxh6 36. Nxe4 dxe4 37. Qe3 Qf6 38. Kc1 h5 39. a4 h4 40.
gxh4 Qxh4 41. c4 1/2-1/2

[Event "Team men HL chess 2018"]
[Site "Sochi"]
[Date "2018.05.07"]
[Round "6.4"]
[White "Pogromsky, Mikhail"]
[Black "Smirnov, Artem"]
[Result "1/2-1/2"]
[WhiteElo "2416"]
[BlackElo "2400"]
[PlyCount "63"]
[EventDate "2018.05.01"]

1. d4 Nf6 2. c4 e6 3. Nf3 Bb4+ 4. Bd2 a5 5. e3 b6 6. Bd3 Bb7 7. O-O O-O 8. Nc3
d6 9. Qc2 Nbd7 10. a3 Bxc3 11. Bxc3 c5 12. Ng5 h6 13. Nh7 Nxh7 14. Bxh7+ Kh8
15. Be4 Bxe4 16. Qxe4 Nf6 17. Qd3 cxd4 18. Bxd4 e5 19. Bc3 Qc7 20. Rfd1 Rfd8
21. b4 Rac8 22. bxa5 bxa5 23. h3 Rd7 24. Rab1 a4 25. Bb4 Qc6 26. Rbc1 Ne4 27.
Qd5 Kg8 28. Qxc6 Rxc6 29. Rd5 f6 30. f3 Nc5 31. Rcd1 Na6 32. c5 {
çàïèü íåðàçáîð~~èâà} 1/2-1/2

[Event "Team men HL chess 2018"]
[Site "Sochi"]
[Date "2018.05.07"]
[Round "6.1"]
[White "Kezin, Roman"]
[Black "Utnasunov, Alexander"]
[Result "1/2-1/2"]
[WhiteElo "2445"]
[BlackElo "2446"]
[PlyCount "136"]
[EventDate "2018.05.01"]

1. d4 d5 2. c4 c6 3. Nf3 Nf6 4. e3 Bf5 5. Nc3 e6 6. Nh4 Bg4 7. Qb3 Qb6 8. h3
Bh5 9. g4 Bg6 10. Nxg6 hxg6 11. g5 Nfd7 12. Bd2 Be7 13. f4 Na6 14. c5 Qxb3 15.
axb3 Nc7 16. b4 a6 17. Bd3 O-O-O 18. Kf2 f6 19. h4 f5 20. Kg3 Rh7 21. Be2 Rdh8
22. Nd1 Bd8 23. Nf2 Be7 24. Rh2 Kb8 25. Rah1 Rh5 26. Bxh5 gxh5 27. Ra1 g6 28.
Rhh1 Nb5 29. Nd1 Kc7 30. Nc3 Nb8 31. Ne2 Bf8 32. Bc3 Rh7 33. Kf2 Kc8 34. Rhg1
Bg7 35. Ra5 Bf8 36. Ke1 Be7 37. Kd2 Bd8 38. Raa1 Nc7 39. Rg2 Nb5 40. Rf1 Nc7
41. Nc1 Nb5 42. Nd3 Bc7 43. Ke1 Nd7 44. Rd2 Nf8 45. Ke2 Bb8 46. Kf3 Bc7 47. Re2
Rf7 48. Be1 Bb8 49. Bf2 Bc7 50. Kg3 Bb8 51. Nc1 Bc7 52. Rc2 Nd7 53. Ne2 Nb8 54.
Nc3 Rf8 55. Re1 Rf7 56. Kf3 Rf8 57. Ke2 Rf7 58. Kd3 Kd7 59. Bg3 Bd8 60. Rce2
Nc7 61. Nb1 Nb5 62. Nd2 Rf8 63. b3 Rf7 64. Nc4 Bc7 65. Ra1 Kc8 66. Rc2 Rf8 67.
Na3 Rf7 68. Be1 Rf8 1/2-1/2

[Event "Team men HL chess 2018"]
[Site "Sochi"]
[Date "2018.05.07"]
[Round "6.2"]
[White "Tekeyev, Zaur"]
[Black "Bublei, Pavel"]
[Result "1/2-1/2"]
[WhiteElo "2378"]
[BlackElo "2387"]
[PlyCount "187"]
[EventDate "2018.05.01"]

1. e4 c6 2. d4 d5 3. Nd2 dxe4 4. Nxe4 Nf6 5. Nxf6+ exf6 6. c3 Bf5 7. Ne2 Bd6 8.
Ng3 Bxg3 9. hxg3 O-O 10. Be2 Na6 11. Be3 Nc7 12. c4 b5 13. b3 Re8 14. O-O bxc4
15. bxc4 Be4 16. Qa4 a5 17. Rfd1 Qb8 18. Bd3 Qb4 19. Qc2 f5 20. Rab1 Qd6 21.
Bf4 Qd8 22. Bxe4 Rxe4 23. d5 cxd5 24. cxd5 Na6 25. d6 Qd7 26. Rb6 Ree8 27. a3
Rac8 28. Qd2 Nc5 29. Qxa5 Ne4 30. Re1 h6 31. Qb4 Nc3 32. Be3 Nd5 33. Rb7 Qc6
34. Qb3 Qxd6 35. Rd1 Red8 36. Bb6 Rc3 37. Qxc3 Nxc3 38. Rxd6 Rxd6 39. Bc5 Rd1+
40. Kh2 Ne4 41. Be3 Rd3 42. a4 Nf6 43. Rb1 Ng4+ 44. Kg1 Nxe3 45. fxe3 Ra3 46.
Kf2 Rxa4 47. Rb2 g6 48. Kf3 Kg7 49. Rc2 h5 50. Rb2 Ra6 51. Rc2 Kf6 52. Rb2 Ra7
53. Rc2 Ke5 54. Rc5+ Kd6 55. Rc2 Kd5 56. Rd2+ Ke5 57. Rb2 Ra5 58. Rc2 g5 59.
Rb2 g4+ 60. Ke2 Kf6 61. Rb6+ Kg5 62. Rb8 Ra2+ 63. Kf1 Kf6 64. Re8 Rb2 65. Kg1
Kg7 66. Kf1 Ra2 67. Re5 Kf6 68. Re8 Rb2 69. Kg1 Rb1+ 70. Kf2 Rh1 71. Rh8 Kg7
72. Ra8 h4 73. gxh4 Rxh4 74. Ra5 Kf6 75. Ra6+ Kg5 76. Ra5 Rh5 77. Kg3 Kg6 78.
Ra6+ f6 79. Ra8 Rh1 80. Ra5 Rf1 81. Ra8 Rb1 82. Rc8 Rb3 83. Kf2 Rb2+ 84. Kf1
Kf7 85. g3 Ke6 86. Rc4 Ke5 87. Rf4 Rd2 88. Ra4 Ke6 89. Ra6+ Rd6 90. Ra4 Rd5 91.
Ke2 Rb5 92. Rd4 Ke5 93. Rf4 Rb2+ 94. Kf1 1/2-1/2

[Event "Team men HL chess 2018"]
[Site "Sochi"]
[Date "2018.05.07"]
[Round "6.3"]
[White "Antonenko, Vladimir"]
[Black "Rozhko, Dmitry"]
[Result "1-0"]
[WhiteElo "2343"]
[BlackElo "2305"]
[PlyCount "107"]
[EventDate "2018.05.01"]

1. d4 d5 2. c4 dxc4 3. e3 a6 4. Bxc4 e6 5. Nf3 Nf6 6. O-O c5 7. Qe2 b5 8. Bd3
Bb7 9. dxc5 Nc6 10. Nc3 Bxc5 11. e4 Nd7 12. Bf4 e5 13. Be3 Nd4 14. Qd1 Qf6 15.
Bxd4 exd4 16. Ne2 Ne5 17. Nxe5 Qxe5 18. f4 Qe7 19. Ng3 g6 20. e5 Rb8 21. a4 O-O
22. axb5 axb5 23. Rc1 Bd5 24. Qg4 Bb6 25. Nh5 f5 26. Qg3 Kh8 27. Nf6 Ba8 28. h4
Rbc8 29. Kh2 Qb4 30. Nd7 Ba5 31. Nxf8 Rxf8 32. Rc2 Bd8 33. Rc8 Be4 34. Rd1 Qxb2
35. Rc2 Qb4 36. Re2 Qb3 37. Ree1 Ba5 38. Rf1 Qd5 39. Rb1 Rb8 40. Rfd1 b4 41.
Qf2 Rd8 42. Qc2 Rb8 43. Qb2 Rd8 44. Rbc1 Qd7 45. Rc4 Qe7 46. g3 g5 47. Bxe4
gxf4 48. Bf3 fxg3+ 49. Kg2 Qxh4 50. Rh1 Qf4 51. e6 Bb6 52. Rxb4 Bc5 53. Rb7 h6
54. Qc1 1-0

[Event "Team men HL chess 2018"]
[Site "Sochi"]
[Date "2018.05.07"]
[Round "6.4"]
[White "Nuristani, Iman"]
[Black "Gubsky, Egor"]
[Result "1-0"]
[WhiteElo "2132"]
[BlackElo "2303"]
[PlyCount "172"]
[EventDate "2018.05.01"]

1. d4 Nf6 2. c4 e6 3. Nc3 Bb4 4. a3 Bxc3+ 5. bxc3 c5 6. e3 Nc6 7. Bd3 O-O 8.
Ne2 b6 9. e4 Ne8 10. Be3 d6 11. Ng3 Ba6 12. O-O e5 13. d5 Na5 14. Qe2 Qd7 15.
a4 f6 16. f4 g6 17. h3 Rf7 18. Nh1 Ng7 19. g4 exf4 20. Rxf4 Re8 21. Ng3 Re5 22.
Kh2 Bc8 23. Qg2 Ba6 24. Qf1 h5 25. Ra2 h4 26. Nh1 f5 27. gxf5 gxf5 28. Raf2
Ree7 29. Rxh4 fxe4 30. Bxe4 Rxf2+ 31. Qxf2 Rf7 32. Qg2 Qe7 33. Rh5 Nxc4 34. Qg6
Qxe4 35. Qxe4 Nxh5 36. Ng3 Nxg3 37. Kxg3 Ne5 38. Bf4 Rg7+ 39. Kh2 Nf7 40. Qe8+
Kh7 41. Qe6 Bd3 42. h4 c4 43. h5 Ng5 44. Bxg5 Rxg5 45. Qxd6 Rxh5+ 46. Kg3 Rg5+
47. Kf4 Rf5+ 48. Ke3 Rf7 49. Qe6 Kg7 50. a5 bxa5 51. d6 Bf5 52. Qxc4 Rd7 53.
Qa6 Be6 54. c4 Kf6 55. Kd4 Rh7 56. c5 Rh4+ 57. Ke3 Ke5 58. Qb7 Rb4 59. Qg7+ Kd5
60. d7 Rb3+ 61. Kd2 Bxd7 62. Qxd7+ Kxc5 63. Qxa7+ Kb4 64. Qb6+ Ka4 65. Qc5 Rb2+
66. Kc1 Rb4 67. Qc2+ Ka3 68. Qc3+ Ka4 69. Kc2 Kb5 70. Qe5+ Ka4 71. Kc3 Rb3+ 72.
Kc2 Rb4 73. Qg7 Rb6 74. Qd4+ Rb4 75. Qf6 Kb5 76. Qf1+ Ka4 77. Kc3 Rb3+ 78. Kc4
Rb4+ 79. Kc5 Ka3 80. Qa1+ Kb3 81. Qxa5 Rc4+ 82. Kb5 Rh4 83. Qd2 Rh5+ 84. Kb6
Rh3 85. Qd5+ Kb4 86. Qe4+ Ka3 1-0

[Event "Team men HL chess 2018"]
[Site "Sochi"]
[Date "2018.05.07"]
[Round "6.1"]
[White "Levin, Evgeny A"]
[Black "Novikov, Konstantin"]
[Result "1-0"]
[WhiteElo "2528"]
[BlackElo "2255"]
[PlyCount "61"]
[EventDate "2018.05.01"]

1. d4 Nf6 2. c4 c5 3. d5 b5 4. cxb5 a6 5. bxa6 g6 6. Nc3 Bg7 7. e4 O-O 8. Nf3
Qa5 9. Bd2 Bxa6 10. Be2 d6 11. O-O Nbd7 12. a4 Qb6 13. Bxa6 Rxa6 14. Qc2 Rb8
15. Nb5 e6 16. dxe6 fxe6 17. b3 Qc6 18. Rae1 d5 19. exd5 Nxd5 20. Ng5 Re8 21.
Re2 Nf8 22. Rc1 Rc8 23. Ne4 Qd7 24. b4 Qe7 25. Nxc5 Nd7 26. Qb3 Nxc5 27. Qxd5
Qf8 28. Qc4 Rxa4 29. Nc3 Bxc3 30. Qxc3 Qd6 31. bxc5 1-0

[Event "Team men HL chess 2018"]
[Site "Sochi"]
[Date "2018.05.07"]
[Round "6.2"]
[White "Novikov, Maxim"]
[Black "Duzhakov, Ilya"]
[Result "0-1"]
[WhiteElo "2488"]
[BlackElo "2415"]
[PlyCount "60"]
[EventDate "2018.05.01"]

1. e4 c5 2. Nf3 d6 3. c3 Nf6 4. h3 Nc6 5. Bd3 d5 6. e5 c4 7. Bc2 Nd7 8. d4 cxd3
9. Ba4 Qc7 10. e6 fxe6 11. Qxd3 Nde5 12. Bxc6+ bxc6 13. Qe3 Nd7 14. Qxe6 g6 15.
Bg5 Ba6 16. b4 Qd6 17. Qxd6 exd6 18. Kd1 Bg7 19. Re1+ Ne5 20. Nxe5 dxe5 21. Be3
d4 22. Bd2 O-O 23. f3 Rad8 24. Kc1 Bd3 25. Bg5 Rd5 26. Be7 Rf7 27. Bc5 e4 28.
c4 Rg5 29. Nd2 Rxg2 30. fxe4 Bh6 0-1

[Event "Team men HL chess 2018"]
[Site "Sochi"]
[Date "2018.05.07"]
[Round "6.3"]
[White "Schekachikhin, Maksim"]
[Black "Sadovsky, Artem"]
[Result "1/2-1/2"]
[WhiteElo "2400"]
[BlackElo "2393"]
[PlyCount "80"]
[EventDate "2018.05.01"]

1. d4 d5 2. c4 c6 3. Nc3 Nf6 4. e3 e6 5. Nf3 Nbd7 6. Qc2 Bd6 7. Bd3 dxc4 8.
Bxc4 e5 9. O-O O-O 10. h3 Qa5 11. Bd2 exd4 12. Nb5 Bb4 13. Bxb4 Qxb4 14. Nbxd4
Nb6 15. Bd3 h6 16. Rac1 Nfd5 17. Rfd1 Qe7 18. Qd2 Rd8 19. Bb1 Bd7 20. Qc2 g6
21. e4 Nb4 22. Qe2 c5 23. Nb3 Na4 24. Qe3 c4 25. Nbd4 Kh7 26. Qe2 b5 27. e5 Nc5
28. b3 Nbd3 29. Bxd3 Nxd3 30. Rb1 Be8 31. bxc4 bxc4 32. Qe4 Nc5 33. Qe3 Rd5 34.
Rdc1 Nd3 35. Rxc4 Nxe5 36. Nxe5 Rxe5 37. Qc3 Rd8 38. Nc6 Bxc6 39. Rxc6 Red5 40.
Rf1 Rd1 1/2-1/2

[Event "Team men HL chess 2018"]
[Site "Sochi"]
[Date "2018.05.07"]
[Round "6.4"]
[White "Shkurkin, Andrey"]
[Black "Vlasenko, Miroslav"]
[Result "0-1"]
[WhiteElo "2239"]
[BlackElo "2398"]
[PlyCount "70"]
[EventDate "2018.05.01"]

1. Nf3 Nc6 2. c4 d6 3. g3 g6 4. Bg2 Bg7 5. O-O e5 6. Nc3 Nge7 7. d3 Nf5 8. Rb1
h5 9. h4 a5 10. a3 Ncd4 11. Nd2 c6 12. e3 Ne6 13. b4 axb4 14. axb4 g5 15. hxg5
h4 16. Nde4 Kf8 17. b5 hxg3 18. fxg3 Nxg5 19. Nxg5 Qxg5 20. Qf3 e4 21. Nxe4 Qh6
22. bxc6 bxc6 23. Rf2 d5 24. cxd5 cxd5 25. Rc2 Be6 26. Nc5 Be5 27. Nd7+ Bxd7
28. Qxd5 Qh2+ 29. Kf1 Nxg3+ 30. Kf2 Nh1+ 31. Kf1 Ra6 32. Rf2 Nxf2 33. Kxf2 Rf6+
34. Ke2 Bg4+ 35. Kd2 Rf2+ 0-1

[Event "Team men HL chess 2018"]
[Site "Sochi"]
[Date "2018.05.07"]
[Round "6.1"]
[White "Tregubov, Pavel V"]
[Black "Konaplev, Anton"]
[Result "1-0"]
[WhiteElo "2578"]
[BlackElo "2376"]
[PlyCount "57"]
[EventDate "2018.05.01"]

1. e4 e6 2. d4 d5 3. exd5 exd5 4. Nf3 Bd6 5. c4 Nf6 6. c5 Be7 7. Bd3 b6 8. Be3
O-O 9. O-O Ng4 10. Bf4 g6 11. b4 c6 12. Nc3 Nd7 13. a4 a5 14. b5 Bb7 15. bxc6
Bxc6 16. Bb5 Qc8 17. Re1 Re8 18. Bd6 Bxd6 19. Rxe8+ Qxe8 20. Bxc6 Rc8 21. Bxd7
Qxd7 22. Nxd5 Bc7 23. Nxb6 Bxb6 24. cxb6 Nf6 25. Rb1 Nd5 26. Ne5 Qb7 27. Qg4
Nc3 28. Qxc8+ Qxc8 29. b7 1-0

[Event "Team men HL chess 2018"]
[Site "Sochi"]
[Date "2018.05.07"]
[Round "6.2"]
[White "Rodin, Dmitrij"]
[Black "Gluhovsky, Mark"]
[Result "1-0"]
[WhiteElo "2412"]
[BlackElo "2312"]
[PlyCount "127"]
[EventDate "2018.05.01"]

1. e4 c5 2. Nf3 Nc6 3. d4 cxd4 4. Nxd4 e5 5. Nb5 d6 6. c4 g6 7. N1c3 a6 8. Na3
Bg7 9. Be3 Nge7 10. Be2 Nd4 11. O-O O-O 12. Nc2 Nec6 13. Nd5 Be6 14. Nxd4 exd4
15. Bf4 Ne5 16. Qd2 Rc8 17. Rac1 Bxd5 18. exd5 a5 19. Rfe1 Qb6 20. Bf1 Rfe8 21.
h3 h5 22. b3 Nd7 23. Rxe8+ Rxe8 24. Re1 Ne5 25. Bg3 Ra8 26. f4 Nd7 27. Bf2 Bf6
28. g4 hxg4 29. hxg4 Qb4 30. Re2 Qc3 31. Qd1 a4 32. Be1 Qf3 33. Re8+ Rxe8 34.
Qxf3 Rxe1 35. b4 g5 36. Qd3 gxf4 37. Qf5 Ne5 38. Qxf4 Bg7 39. Kg2 Rb1 40. c5
Rb2+ 41. Kh1 d3 42. c6 bxc6 43. dxc6 Nxc6 44. Qxd6 d2 45. Be2 Nxb4 46. g5 a3
47. g6 fxg6 48. Qxg6 Rc2 49. Qe6+ Kh7 50. Qe4+ Kh8 51. Qh4+ Kg8 52. Qxb4 Rc1+
53. Kg2 Bc3 54. Qxa3 Kg7 55. Kf3 Bf6 56. Qa7+ Kh6 57. Qd7 Bg5 58. Kg4 Rg1+ 59.
Kf5 Re1 60. Qe6+ Kg7 61. Kxg5 d1=Q 62. Qe7+ Kh8 63. Qf8+ Kh7 64. Qh6+ 1-0

[Event "Team men HL chess 2018"]
[Site "Sochi"]
[Date "2018.05.07"]
[Round "6.3"]
[White "Barskij, Vladimir"]
[Black "Kalugin, Sergey G"]
[Result "1/2-1/2"]
[WhiteElo "2386"]
[BlackElo "2398"]
[PlyCount "84"]
[EventDate "2018.05.01"]

1. e4 c5 2. Nf3 Nc6 3. Bb5 g6 4. O-O Bg7 5. Re1 Nf6 6. e5 Nd5 7. Nc3 Nxc3 8.
dxc3 O-O 9. Bf4 Qb6 10. a4 a6 11. Bxc6 Qxc6 12. a5 b5 13. axb6 Qxb6 14. Qd3 Bb7
15. Nd2 Qc6 16. Qg3 a5 17. Bg5 Rfe8 18. f3 f6 19. Bf4 a4 20. h4 f5 21. h5 Qe6
22. hxg6 hxg6 23. c4 Kf7 24. Ra3 Bc6 25. Qf2 Reb8 26. Ra2 Rc8 27. Kf1 Rab8 28.
Qe3 Kg8 29. b3 axb3 30. cxb3 Ra8 31. Rxa8 Bxa8 32. Nb1 Rb8 33. Qxc5 Rxb3 34.
Qc8+ Kf7 35. Qxa8 Qxc4+ 36. Kg1 Qd4+ 37. Kf1 Qc4+ 38. Kg1 Qd4+ 39. Kf1 Qc4+ 40.
Kg1 Qd4+ 41. Kf1 Qc4+ 42. Kg1 Qd4+ 1/2-1/2

[Event "Team men HL chess 2018"]
[Site "Sochi"]
[Date "2018.05.07"]
[Round "6.4"]
[White "Pogosian, Georgy"]
[Black "Golubeva, Oksana"]
[Result "0-1"]
[WhiteElo "2155"]
[BlackElo "2177"]
[PlyCount "134"]
[EventDate "2018.05.01"]

1. d4 d5 2. Nf3 Nf6 3. c4 e6 4. g3 dxc4 5. Bg2 c5 6. O-O Nc6 7. dxc5 Qxd1 8.
Rxd1 Bxc5 9. Nbd2 c3 10. bxc3 Bd7 11. Nb3 Bb6 12. Nfd4 Ng4 13. e3 Nge5 14. Nb5
Nc4 15. Nd6+ Nxd6 16. Rxd6 Bc7 17. Rd1 Be5 18. Ba3 O-O-O 19. Rac1 g5 20. f4
gxf4 21. gxf4 Bc7 22. Nc5 Bb6 23. Kf2 Rhg8 24. Bf3 Bxc5 25. Bxc5 e5 26. Bd6 f6
27. c4 Be6 28. c5 Bxa2 29. Ra1 Bb3 30. Rdb1 Bc2 31. Rb2 e4 32. Bg2 Rxg2+ 33.
Kxg2 Bd3 34. Kf2 Rd7 35. Rg1 Bc4 36. Rc2 Be6 37. Rcc1 a5 38. Rb1 a4 39. Ra1 Bb3
40. h4 b5 41. f5 Nb4 42. Rg4 Nd3+ 43. Ke2 Bd5 44. Kd2 Kb7 45. Kc3 Kc6 46. Kd4
Bc4 47. Kxe4 Nf2+ 48. Kf4 Nxg4 49. Kxg4 Rg7+ 50. Kf4 Be2 51. e4 Rg4+ 52. Ke3
Bc4 53. Be7 Rxh4 54. Bxf6 Rh3+ 55. Kf4 a3 56. e5 Bd5 57. e6 Rf3+ 58. Ke5 Re3+
59. Kf4 Re4+ 60. Kg5 b4 61. Bh8 Kxc5 62. Kf6 b3 63. Ke7 b2 64. Rb1 Re2 65. Kd7
Be4 66. Rxb2 axb2 67. Bxb2 Bxf5 0-1

[Event "Team men HL chess 2018"]
[Site "Sochi"]
[Date "2018.05.07"]
[Round "6.1"]
[White "Dulenko, Maxim"]
[Black "Chigaev, Maksim"]
[Result "0-1"]
[WhiteElo "2143"]
[BlackElo "2565"]
[PlyCount "52"]
[EventDate "2018.05.01"]

1. e4 g6 2. d4 Bg7 3. c3 d6 4. Bd3 Nf6 5. Ne2 O-O 6. O-O e5 7. f4 Nbd7 8. Nd2
exd4 9. cxd4 c5 10. e5 Ne8 11. f5 dxe5 12. fxg6 hxg6 13. Bxg6 fxg6 14. Qb3+ c4
15. Qxc4+ Kh8 16. Rf3 Rxf3 17. Nxf3 Nd6 18. Qc2 e4 19. Bg5 Qa5 20. Nf4 Qf5 21.
Nh4 Qxg5 22. Nhxg6+ Kh7 23. h4 Bxd4+ 24. Kh1 Qc5 25. Qb3 Bg7 26. Qe6 Ne5 0-1